<?xml version="1.0" encoding="UTF-8"?>
<record
    xmlns:xsi="http://www.w3.org/2001/XMLSchema-instance"
    xsi:schemaLocation="http://www.loc.gov/MARC21/slim http://www.loc.gov/standards/marcxml/schema/MARC21slim.xsd"
    xmlns="http://www.loc.gov/MARC21/slim">

  <leader>01498nam a2200253Ia 4500</leader>
  <datafield tag="952" ind1=" " ind2=" ">
    <subfield code="0">0</subfield>
    <subfield code="1">0</subfield>
    <subfield code="4">0</subfield>
    <subfield code="7">0</subfield>
    <subfield code="a">11</subfield>
    <subfield code="b">11</subfield>
    <subfield code="d">2011-06-08</subfield>
    <subfield code="l">0</subfield>
    <subfield code="o">LB1028 A53 2007</subfield>
    <subfield code="p">11 009247</subfield>
    <subfield code="r">2012-06-26</subfield>
    <subfield code="t">1</subfield>
    <subfield code="w">2012-06-26</subfield>
    <subfield code="y">LB</subfield>
  </datafield>
  <datafield tag="952" ind1=" " ind2=" ">
    <subfield code="0">0</subfield>
    <subfield code="1">0</subfield>
    <subfield code="4">0</subfield>
    <subfield code="7">0</subfield>
    <subfield code="a">11</subfield>
    <subfield code="b">11</subfield>
    <subfield code="d">2011-06-08</subfield>
    <subfield code="l">0</subfield>
    <subfield code="o">LB1028 A53 2007</subfield>
    <subfield code="p">11 009248</subfield>
    <subfield code="r">2012-06-26</subfield>
    <subfield code="t">2</subfield>
    <subfield code="w">2012-06-26</subfield>
    <subfield code="y">LB</subfield>
  </datafield>
  <datafield tag="952" ind1=" " ind2=" ">
    <subfield code="0">0</subfield>
    <subfield code="1">0</subfield>
    <subfield code="4">0</subfield>
    <subfield code="7">0</subfield>
    <subfield code="a">11</subfield>
    <subfield code="b">11</subfield>
    <subfield code="d">2011-06-08</subfield>
    <subfield code="l">2</subfield>
    <subfield code="o">LB1028 A53 2007</subfield>
    <subfield code="p">11 009249</subfield>
    <subfield code="r">2019-12-17</subfield>
    <subfield code="s">2019-12-16</subfield>
    <subfield code="t">3</subfield>
    <subfield code="w">2012-06-26</subfield>
    <subfield code="y">LB</subfield>
  </datafield>
  <datafield tag="952" ind1=" " ind2=" ">
    <subfield code="0">0</subfield>
    <subfield code="1">0</subfield>
    <subfield code="2">lcc</subfield>
    <subfield code="4">0</subfield>
    <subfield code="7">0</subfield>
    <subfield code="a">13</subfield>
    <subfield code="b">13</subfield>
    <subfield code="d">2016-09-22</subfield>
    <subfield code="l">0</subfield>
    <subfield code="o">LB1028 A53 2007</subfield>
    <subfield code="p">13 004335</subfield>
    <subfield code="r">2016-09-22</subfield>
    <subfield code="t">1</subfield>
    <subfield code="w">2016-09-22</subfield>
    <subfield code="y">LB</subfield>
  </datafield>
  <datafield tag="952" ind1=" " ind2=" ">
    <subfield code="0">0</subfield>
    <subfield code="1">0</subfield>
    <subfield code="4">0</subfield>
    <subfield code="7">0</subfield>
    <subfield code="a">22</subfield>
    <subfield code="b">22</subfield>
    <subfield code="d">2017-01-19</subfield>
    <subfield code="l">1</subfield>
    <subfield code="o">LB1028 A53</subfield>
    <subfield code="p">17 002456</subfield>
    <subfield code="r">2018-07-07</subfield>
    <subfield code="s">2018-07-07</subfield>
    <subfield code="t">1</subfield>
    <subfield code="w">2017-01-19</subfield>
    <subfield code="y">LB</subfield>
  </datafield>
  <datafield tag="999" ind1=" " ind2=" ">
    <subfield code="c">72848</subfield>
    <subfield code="d">72848</subfield>
  </datafield>
  <controlfield tag="005">20231102151105.0</controlfield>
  <controlfield tag="008">120626s2007    sp a          000 0 spa d</controlfield>
  <datafield tag="020" ind1=" " ind2=" ">
    <subfield code="a">9788448159429</subfield>
  </datafield>
  <datafield tag="050" ind1=" " ind2=" ">
    <subfield code="a">LB1028</subfield>
    <subfield code="b">A53 </subfield>
  </datafield>
  <datafield tag="100" ind1="1" ind2=" ">
    <subfield code="a">Albert G&#xF3;mez, Mar&#xED;a Jos&#xE9;</subfield>
    <subfield code="e">autor</subfield>
  </datafield>
  <datafield tag="245" ind1=" " ind2=" ">
    <subfield code="a">La Investigaci&#xF3;n Educativa</subfield>
    <subfield code="b">: Claves te&#xF3;ricas</subfield>
    <subfield code="c"> / Mar&#xED;a Jos&#xE9;, Albert G&#xF3;mez</subfield>
  </datafield>
  <datafield tag="260" ind1=" " ind2=" ">
    <subfield code="a">M&#xE9;xico</subfield>
    <subfield code="b">: McGraw-Hill </subfield>
    <subfield code="b">:  Interamericana de Espa&#xF1;a</subfield>
    <subfield code="c">, 2007</subfield>
  </datafield>
  <datafield tag="300" ind1=" " ind2=" ">
    <subfield code="a">xiv, 265 p&#xE1;ginas</subfield>
    <subfield code="b">: ilustraciones</subfield>
  </datafield>
  <datafield tag="336" ind1=" " ind2=" ">
    <subfield code="a">texto</subfield>
  </datafield>
  <datafield tag="337" ind1=" " ind2=" ">
    <subfield code="a">sin medio</subfield>
  </datafield>
  <datafield tag="338" ind1=" " ind2=" ">
    <subfield code="a">vol&#xFA;men</subfield>
  </datafield>
  <datafield tag="504" ind1=" " ind2=" ">
    <subfield code="a">Incluye: Bibliograf&#xED;a en cada cap&#xED;tulo</subfield>
  </datafield>
  <datafield tag="505" ind1=" " ind2=" ">
    <subfield code="a">Aspectos fundamentales sobre investigaci&#xF3;n
Metodolog&#xED;a cuantitativa de la investigaci&#xF3;n : el proceso de investigaci&#xF3;n
M&#xE9;todos de investigaci&#xF3;n cuantitativa
Instrumentos y t&#xE9;cnicas de recogida de datos desde el enfoque cuantitativo
Metodolog&#xED;a cualitativa de la investigaci&#xF3;n
El proceso de investigaci&#xF3;n cualitativa
M&#xE9;todos cualitativos de investigaci&#xF3;n
Instrumentos y recogida de datos desde el enfoque cualitativo
El reporte de la investigaci&#xF3;n
</subfield>
  </datafield>
  <datafield tag="519" ind1=" " ind2=" ">
    <subfield code="a">Plan Flexible / </subfield>
    <subfield code="b">Maestr&#xED;a en Educaci&#xF3;n / </subfield>
    <subfield code="c">Seminario de Investigaci&#xF3;n en Educaci&#xF3;n (M02-2) / </subfield>
    <subfield code="d">(13 004335)</subfield>
  </datafield>
  <datafield tag="519" ind1=" " ind2=" ">
    <subfield code="a">Plan Flexible / </subfield>
    <subfield code="b">Maestr&#xED;a en Administraci&#xF3;n de Negocios / </subfield>
    <subfield code="c">Seminario de Investigaci&#xF3;n (M02-1) / </subfield>
    <subfield code="d">(17 002456)</subfield>
  </datafield>
  <datafield tag="650" ind1="1" ind2="4">
    <subfield code="a">EDUCACI&#xD3;N</subfield>
    <subfield code="x">INVESTIGACI&#xD3;N</subfield>
  </datafield>
  <datafield tag="942" ind1=" " ind2=" ">
    <subfield code="c">LB</subfield>
  </datafield>
</record>
